In einem Jahr mit 13 Monden Η χρονιά με τα 13 φεγγάρια
Οι δραματικές τελευταίες ημέρες στη ζωή της Ελβίρας Βάισχαουπτ, μιας γυναίκας που ζούσε παλαιότερα ως άντρας με το όνομα Έρβιν. Πρώην χασάπης, ο Έρβιν έκανε εγχείρηση αλλαγής φύλου προσπαθώντας να φέρει κοντά του τον άντρα που αγάπησε. Οι συνέπειες όμως θα είναι τραγικές....
Αποθηκεύτηκε σε:
| Άλλοι συγγραφείς: | , , , |
|---|---|
| Μορφή: | |
| Γλώσσα: | German Greek |
| Δημοσίευση: |
[Χ. τ. :
χ. ό.,
1978]
|
| Θέματα: | |
| Ετικέτες: |
Προσθήκη ετικέτας
Δεν υπάρχουν, Καταχωρήστε ετικέτα πρώτοι!
|
MARC
| LEADER | 00000cgm a2200000 a 4500 | ||
|---|---|---|---|
| 001 | 1/117489 | ||
| 008 | 181108s1978####gr ||| | || ||ger|| | ||
| 040 | |a GR-MyUa |b gre |c GR-MyUa |e AACR2 | ||
| 041 | 1 | |a ger |j gre | |
| 082 | 7 | |a 791.437 |2 (23) | |
| 245 | 0 | 3 | |a In einem Jahr mit 13 Monden |h [μαγνητοσκόπηση] = |b Η χρονιά με τα 13 φεγγάρια / |c σκηνοθεσία: Ράινερ Βέρνερ Φασμπίντερ. |
| 246 | 1 | |i Παράλληλος τίτλος: |a Η χρονιά με τα 13 φεγγάρια | |
| 260 | |a [Χ. τ. : |b χ. ό., |c 1978] | ||
| 300 | |a 1 βιντεοδίσκος (119 λεπτ.) : |b ομίλ., έγχρ. ; |c 4 3/4 ίν. | ||
| 500 | |a Κυκλοφόρησε πρώτη φορά ως κινηματογραφική ταινία το 1978. | ||
| 511 | 0 | |a Φόλκερ Σπένγκλερ, Ίνγκριντ Κάβεν, Γκότφριντ Τζον. | |
| 520 | 8 | |a Οι δραματικές τελευταίες ημέρες στη ζωή της Ελβίρας Βάισχαουπτ, μιας γυναίκας που ζούσε παλαιότερα ως άντρας με το όνομα Έρβιν. Πρώην χασάπης, ο Έρβιν έκανε εγχείρηση αλλαγής φύλου προσπαθώντας να φέρει κοντά του τον άντρα που αγάπησε. Οι συνέπειες όμως θα είναι τραγικές. | |
| 546 | |a Στα γερμανικά με ελληνικούς υπότιτλους. | ||
| 650 | 0 | |a Sex change |z Germany |v Drama. | |
| 655 | 7 | |a Feature films |2 lcgft | |
| 700 | 1 | |a Fassbinder, Rainer Warner, |d 1945-1982, |e drt | |
| 700 | 1 | |a Spengler, Volker, |e act | |
| 700 | 1 | |a Caven, Ingrid, |e act | |
| 700 | 1 | |a Gottfried, John, |d 1942-2014, |e act | |
| 852 | |a INST |b SYROS |c AV |e 20181108 |h 791.437 FAS |p 005500013524 |q 005500013524 |t DVD |y 23 | ||
| 970 | |a Κοντού |b Παρασκευή |z 08/11/2018 | ||